Lieskovany kostol - dominanta obceodvodenie názvu obceprvá písomná zmienka

Bibliographic Details
Main Author: Krotká, Mária (Author)
Format: Article
Language:Slovak
PhysicalDescription:2 foto, 1 obr.
Subjects:

MARC

LEADER 00000nab a2200000 a 4500
001 vtls001020524
003 SK-MaSNL
005 20260303190217.0
008 040720e20030000xo 0 slo
035 |a SN6428 
040 |a SNSK  |b slo  |c SNSK  |e AACR2 
041 0 |a slo 
044 |a xo  |c SK 
080 |a 908.437.678-22  |2 1981 
080 |a 943.767.8-22  |2 1981 
100 1 |a Krotká, Mária  |4 aut  |9 1218290 
245 1 0 |a Lieskovany  |b kostol - dominanta obceodvodenie názvu obceprvá písomná zmienka 
300 |b 2 foto, 1 obr. 
650 0 7 |a vlastiveda  |2 SNSK  |9 3887 
650 0 7 |a dejiny  |2 SNSK  |9 3825 
651 7 |a Lieskovany (Slovensko)  |2 SNSK  |9 59141 
651 7 |a SN,  |2 SNSK  |9 1021277 
655 7 |a periodikum  |2 snkbucl  |9 29553 
773 0 8 |t Pokoj a dobro  |g Roč. 5, č.1 (2003), s. 8 
852 |a ZVYKNI  |b KIS3GCP 
999 |c 2135116  |d 2137046